كتاب التعريف والأعلام فيما أبهم في القرآن من الأسماء والأعلام / (رقم التسجيلة. 17269)

تفاصيل مارك
000 -الفاتح
عناصر البيانات ثابتة الطول 01176cam a2200253 i 4500
005 - تاريخ ووقت آخر معاملة
حقل ضبط 20251130094836.0
008 - عناصر البيانات ثابتة الطول
عناصر البيانات ثابتة الطول 250721s1992 gr 000 0 ara d
082 14 - رقم تصنيف ديوي العشري
رقم التصنيف 212
رقم المادة س ه ى
100 1# - مدخل رئيسي – اسم شخصي
الاسم الشخصي عبد الرحمن السهيلي
علاقة الشخص بالعمل/ دوره مؤلف.
245 10 - بيان العنوان
العنوان كتاب التعريف والأعلام فيما أبهم في القرآن من الأسماء والأعلام /
بيان المسؤولية لمؤلفه عبد الرحمن السهيلي، دراسة وتحقيق عد الله محمد علي النقراط.
250 ## - بيان الطبعة
بيان الطبعة الطبعة الأولى.
264 1# - بيانات النشر، التوزيع…إلخ
مكان النشر، التوزيع...إلخ طرابلس(ليبيا) :
اسم الناشر، الموزع...إلخ كلية الدعوة الإسلاميه ولجنة الحفاظ على التراث الإسلامي،
تاريخ النشر، التوزيع...إلخ 1992.
300 ## - الوصف المادي
عدد الوحدات المكونة للوعاء 462 صفحة.
490 0# - بيان السلسلة
عنوان السلسلة السلسله القرآنيه ؛
رقم الوعاء في السلسلة رقم 1.
650 17 - مدخل إضافي بالموضوع - مصطلح موضوعي
مصطلح موضوعي أو اسم جغرافي كعنصر مدخل القرآن الكريم.
650 17 - مدخل إضافي بالموضوع - مصطلح موضوعي
مصطلح موضوعي أو اسم جغرافي كعنصر مدخل تفسير القرآن.
650 17 - مدخل إضافي بالموضوع - مصطلح موضوعي
مصطلح موضوعي أو اسم جغرافي كعنصر مدخل ألفاظ القرآن.
650 17 - مدخل إضافي بالموضوع - مصطلح موضوعي
مصطلح موضوعي أو اسم جغرافي كعنصر مدخل معاني القرآن.
650 17 - مدخل إضافي بالموضوع - مصطلح موضوعي
مصطلح موضوعي أو اسم جغرافي كعنصر مدخل أحكام القرآن.
700 1# - مدخل إضافي - اسم شخصي
الاسم الشخصي السهيلي، عبد الرحمن
علاقة الشخص بالعمل/ دوره محقق.
830 #0 - مدخل إضافي بالسلسلة-عنوان مقنن
عنوان السلسسلة السلسله القرآنيه.
942 ## - بيانات إضافية (كوها)
نوع التنصيف Dewey Decimal Classification
نوع المادة (كوها) كتب
المقتنيات
حالة السحب حالة الفقدان مصدر التصنيف حالة التلف غير قابل للإعارة المكتبة الرئيسية المكتبة الحالية موقع الرف تاريخ التزويد الرقم المتسلسل Total Checkouts رقم الإستدعاء الباركود تاريخ آخر ظهور تاريخ الفاتورة نوع المادة (كوها)
    Dewey Decimal Classification     المكتبة المركزية المكتبة المركزية الإعارة 06/07/2004 207032   212 / س ه ي 207032 28/07/2025 06/07/2004 كتب
Implemented & Customized by: BBB with SCIT (Smart Chains for Information Technology)

Powered by Koha